Statistics for UEFA Champions League 2011-12

Click here to take the quiz!

General Stats

  • This quiz has been taken 99 times
  • The average score is 20 of 32

Answer Stats

HintAnswer% Correct
HBarcelona
99%
EChelsea
99%
DReal Madrid
99%
ABayern
96%
CManchester United
95%
BInternazionale
90%
HMilan
90%
FArsenal
85%
FBorussia Dortmund
83%
AManchester City
80%
EValencia
80%
CBenfica
77%
DOlympique Lyonnais
77%
GPorto
76%
ANapoli
71%
FOlympique de Marseille
68%
DAjax
67%
EBayer Leverkusen
56%
GZenit
55%
GShakhtar Donetsk
52%
AVillarreal
50%
BLille
48%
GAPOEL
46%
BCSKA Moscow
46%
CBasel
41%
FOlympiakos
40%
DDinamo Zagreb
35%
HBATE Borisov
32%
ERacing Genk
29%
HViktoria Plzen
24%
BTrabzonspor
21%
COtelul Galati
15%

Score Distribution

Percentile by Number Answered

Percent of People with Each Score

Your Score History

You have not taken this quiz